[Event "British Rapidplay"]
[Site "Halifax ENG"]
[Date "2009.11.22"]
[Round "9"]
[White "Gordon,S"]
[Black "Jones,W"]
[Result "1-0"]
[WhiteElo "2527"]
[BlackElo "2052"]
[EventDate "2009.11.21"]

1. d4 Nf6 2. c4 g6 3. Nc3 Bg7 4. e4 d6 5. Nf3 O-O 6. Be2 e5 7. Be3 Nbd7 8.
O-O Re8 9. d5 Nh5 10. g3 Bf8 11. Ne1 Ng7 12. Nd3 f5 13. f3 Nf6 14. c5 fxe4
15. fxe4 Bh3 16. Rf2 h5 17. Qd2 Be7 18. c6 b6 19. a4 a5 20. b4 Nh7 21. bxa5
Rxa5 22. Nb2 h4 23. Nc4 Ra8 24. Kh1 hxg3 25. hxg3 Nf6 26. Rh2 Bg4 27. Rh6
Kf7 28. Rf1 Bxe2 29. Qxe2 Rh8 30. Kg2 Rxh6 31. Bxh6 Qh8 32. Bg5 Qh5 33.
Qxh5 gxh5 34. Nb5 Nge8 35. Bxf6 Bxf6 36. Ra1 Bd8 37. a5 bxa5 38. Rxa5 Rxa5
39. Nxa5 Nf6 40. Kf3 Ke8 41. Nc4 Ke7 42. Ne3 Ne8 43. Nc2 Kf6 44. Nb4 Kg6
45. Na6 Kg5 46. Nb8 Kg6 47. Nd7 Kg5 48. Nf8 Kf6 49. Ne6 Ke7 50. g4 hxg4+
51. Kxg4 Nf6+ 52. Kf5 Ne8 53. Kg6 Nf6 54. Nxd8 Nxe4 55. Ne6 Nf6 56. Nbxc7
e4 57. Nd4 e3 58. Nf5+ Kd8 59. Nxe3 Ne4 60. Ne6+ Kc8 61. Nc4 1-0

[Event "British Rapidplay"]
[Site "Halifax ENG"]
[Date "2009.11.22"]
[Round "9"]
[White "Hebden,M"]
[Black "Surtees,M"]
[Result "1-0"]
[WhiteElo "2522"]
[BlackElo "2149"]
[EventDate "2009.11.21"]

1. d4 c6 2. e4 d5 3. e5 a5 4. c4 dxc4 5. Bxc4 b5 6. Be2 Bf5 7. Nf3 e6 8.
O-O h6 9. a4 Ne7 10. axb5 Nd5 11. Nc3 Bb4 12. Bd2 c5 13. dxc5 Bxc5 14. Nxd5
exd5 15. b4 Bb6 16. bxa5 Bxa5 17. Nd4 Bg6 18. e6 O-O 19. Bxa5 Rxa5 20. e7
Rxa1 21. exd8=Q Rxd1 22. Qxf8+ 1-0

[Event "British Rapidplay"]
[Site "Halifax ENG"]
[Date "2009.11.22"]
[Round "9"]
[White "Slavin,A"]
[Black "Pritchett,C"]
[Result "1-0"]
[WhiteElo "2304"]
[BlackElo "2303"]
[EventDate "2009.11.21"]

1. d4 Nf6 2. Nf3 e6 3. e3 c5 4. Bd3 b6 5. O-O Bb7 6. c4 Be7 7. Nc3 a6 8. b3
O-O 9. d5 exd5 10. cxd5 d6 11. a4 Nbd7 12. h3 Ne8 13. e4 Bf6 14. Bd2 Ne5
15. Nxe5 Bxe5 16. f4 Bd4+ 17. Kh2 g6 18. Ra2 f5 19. Ne2 fxe4 20. Bxe4 Nf6
21. Bf3 Bxd5 22. Nxd4 cxd4 23. Bb4 Bxf3 24. Qxf3 Qd7 25. Rd2 Rfe8 26. Rxd4
d5 27. f5 Qxf5 28. Qxf5 gxf5 29. Rxf5 Re6 30. Rdf4 Ne4 31. Rxd5 Rae8 32. h4
Kg7 33. Rd7+ Kg6 34. Rd3 h5 35. Kh3 Nf6 36. Rff3 Ng4 37. Bd2 Re2 38. Rd5
Nf6 39. Rg5+ Kf7 40. Bc3 R8e3 41. Rgf5 Rxc3 42. Rxc3 Ke6 43. Rcf3 Ng4 44.
Rxh5 Nf2+ 45. Kh2 Rb2 46. Rh6+ Ke5 47. Rxb6 Ng4+ 48. Kg3 1-0

[Event "British Rapidplay"]
[Site "Halifax ENG"]
[Date "2009.11.22"]
[Round "10"]
[White "Hague,B"]
[Black "Arkell,K"]
[Result "0-1"]
[WhiteElo "2289"]
[BlackElo "2521"]
[EventDate "2009.11.21"]

1. e4 c6 2. Nc3 d5 3. Nf3 Bg4 4. h3 Bxf3 5. Qxf3 Nf6 6. Be2 dxe4 7. Nxe4
Nxe4 8. Qxe4 Nd7 9. O-O Nf6 10. Qh4 e6 11. b4 Nd5 12. Qxd8+ Rxd8 13. b5 c5
14. Bf3 Rd7 15. Bb2 Nb4 16. Rac1 f6 17. Rfe1 Kf7 18. Bg4 f5 19. Bh5+ Ke7
20. Re5 Rd5 21. Rxd5 Nxd5 22. Bf3 Kd6 23. c4 Nf4 24. Rc3 e5 25. Ra3 e4 26.
Bd1 Kc7 27. Rxa7 Bd6 28. Ra3 Re8 29. Kf1 g5 30. Bf6 h6 31. Rb3 Ra8 32. a3
Nd3 33. Bg7 Ne5 34. Be2 h5 35. Bxe5 Bxe5 36. Bxh5 Rd8 37. Ke2 Rd4 38. Bf7
Kb6 39. Bd5 Ka5 40. Bxb7 Rxc4 41. Bc8 f4 42. b6 Ka4 43. Rb1 Kxa3 44. b7 Rb4
45. Rc1 Bd4 46. Rc2 Kb3 47. Rc1 Kb2 48. Rh1 Rb3 49. h4 f3+ 50. gxf3 exf3+
51. Kf1 Ka3 52. Bf5 gxh4 53. Rxh4 Rxb7 54. Be4 Rb2 55. Rh3 Rxd2 56. Rxf3+
Kb2 57. Ke1 Bc3 58. Kf1 c4 59. Rf8 Bd4 60. Rb8+ Kc3 61. f4 Rf2+ 62. Ke1
Rxf4 63. Bh7 Rh4 64. Bg8 Kd3 65. Rc8 Rh1+ 0-1

[Event "British Rapidplay"]
[Site "Halifax ENG"]
[Date "2009.11.22"]
[Round "10"]
[White "Howell,D"]
[Black "Palliser,R"]
[Result "1-0"]
[WhiteElo "2597"]
[BlackElo "2435"]
[EventDate "2009.11.21"]

1. e4 c5 2. Nf3 d6 3. d4 cxd4 4. Nxd4 Nf6 5. Nc3 a6 6. Qf3 e6 7. Be2 Nbd7
8. g4 Qb6 9. Nb3 Ne5 10. Qg3 Qc6 11. Nd4 Qb6 12. Nb3 Qc6 13. Be3 Nxe4 14.
Nxe4 Qxe4 15. O-O-O Qa4 16. f4 Nc6 17. f5 e5 18. Kb1 Bd7 19. c3 h5 20. Rhf1
hxg4 21. Bxg4 Rxh2 22. Qxh2 Qxg4 23. Qf2 a5 24. Bb6 a4 25. Nc1 a3 26. b3
Rc8 27. Nd3 Ne7 28. f6 gxf6 29. c4 Bf5 30. Ka1 Rc6 31. Nb4 Rxb6 32. Qxb6
Qe2 33. Qf2 Qxf2 34. Rxf2 Be6 35. Nd5 Bxd5 36. cxd5 f5 37. Kb1 Bg7 38. Kc2
e4 39. b4 Bd4 40. Rxd4 1-0

[Event "British Rapidplay"]
[Site "Halifax ENG"]
[Date "2009.11.22"]
[Round "10"]
[White "Slavin,A"]
[Black "Hebden,M"]
[Result "0-1"]
[WhiteElo "2304"]
[BlackElo "2522"]
[EventDate "2009.11.21"]

1. d4 Nf6 2. Nf3 g6 3. e3 Bg7 4. b4 O-O 5. Be2 d6 6. O-O e5 7. c4 exd4 8.
exd4 Bf5 9. Nc3 d5 10. Bg5 dxc4 11. Bxc4 h6 12. Bh4 Nc6 13. d5 Nxb4 14. Rc1
c6 15. d6 Qa5 16. Qb3 b5 17. Bxf7+ Rxf7 18. Ne5 Raf8 19. a3 Nd3 20. Nxf7
Nxc1 21. Rxc1 Rxf7 22. Re1 Ne4 23. Rxe4 Bxe4 24. d7 Bd5 25. Qb4 Qxb4 26.
d8=Q+ Qf8 0-1

[Event "British Rapidplay"]
[Site "Halifax ENG"]
[Date "2009.11.22"]
[Round "11"]
[White "Clarke,B"]
[Black "Summerscale,A"]
[Result "1/2-1/2"]
[WhiteElo "2014"]
[BlackElo "2454"]
[EventDate "2009.11.21"]

1. e4 e6 2. d4 d5 3. Nc3 Be7 4. e5 c5 5. Qg4 g6 6. Nf3 Nc6 7. dxc5 Bxc5 8.
Bg5 Qb6 9. O-O-O Bxf2 10. Kb1 h6 11. Qh3 a6 1/2-1/2

[Event "British Rapidplay"]
[Site "Halifax ENG"]
[Date "2009.11.22"]
[Round "11"]
[White "Gordon,S"]
[Black "Howell,D"]
[Result "1/2-1/2"]
[WhiteElo "2527"]
[BlackElo "2597"]
[EventDate "2009.11.21"]

1. c4 Nf6 2. Nc3 d5 3. cxd5 Nxd5 4. g3 g6 5. Bg2 Nb6 6. d3 Bg7 7. Be3 O-O
8. Qd2 Re8 9. Nf3 e5 10. Bh6 Bh8 11. h4 Nc6 12. h5 Nd4 13. hxg6 hxg6 14.
Ne4 f6 15. Bf8 Nf5 16. g4 Rxf8 17. gxf5 g5 18. Ng3 Nd5 19. Nh2 c6 20. Ng4
Bg7 21. Be4 Qb6 22. e3 Bd7 23. Ke2 Kf7 24. Rh7 Rh8 25. Bxd5+ cxd5 26. Nh6+
Kf8 27. Rxh8+ Bxh8 28. Rc1 Ke7 29. Ng4 Bg7 30. Rh1 Rh8 31. Rxh8 Bxh8 32. e4
d4 33. Qc2 Be8 34. Kf3 Bg7 35. Qc8 Bf7 36. b3 Qc6 37. Qxc6 bxc6 38. Ke2 Kd6
39. Kd2 a5 1/2-1/2

[Event "British Rapidplay"]
[Site "Halifax ENG"]
[Date "2009.11.22"]
[Round "11"]
[White "Shaw,P"]
[Black "Slavin,A"]
[Result "1/2-1/2"]
[WhiteElo "2123"]
[BlackElo "2304"]
[EventDate "2009.11.21"]

1. d4 Nf6 2. c4 e6 3. Nc3 Bb4 4. Qc2 Nc6 5. Nf3 Qe7 6. a3 Bxc3+ 7. Qxc3 d6
8. b4 e5 9. d5 Nb8 10. g3 O-O 11. Bg2 a5 12. Nd2 c6 13. Bb2 cxd5 14. cxd5
axb4 15. axb4 Rxa1+ 16. Bxa1 Na6 17. O-O Bg4 18. e4 Rc8 19. Qb3 Qc7 20. Rb1
Qc2 21. Qxc2 Rxc2 22. Nf1 Bd7 23. Ne3 Rc8 24. Bb2 Kf8 25. Rc1 Rxc1+ 26.
Bxc1 Ke7 27. Bd2 g6 28. f3 Kd8 29. Bf1 Kc7 30. Kf2 b5 31. Nc2 Kb7 32. Na3
Nc7 33. Ke3 Ka6 34. Bc3 Ng8 35. Be1 Na8 36. Kd2 f6 37. Bf2 Ne7 38. Be3 Ng8
39. Bd3 Nb6 40. Kc3 Na4+ 41. Kb3 Nb6 42. Kc3 1/2-1/2